| 000 | 006100000a22001810004500 | ||
|---|---|---|---|
| 003 | MACL | ||
| 005 | 20160604141608.0 | ||
| 008 | 160604b xxu||||| |||| 00| 0 eng d | ||
| 040 |
_aMACL _cMACL |
||
| 041 | _aHindi | ||
| 082 | _a920 | ||
| 100 |
_aभाटिया, सुदर्शन _917524 |
||
| 245 |
_aअन्तरिक्ष बाला कल्पना चावला _cसुदर्शन भाटिया |
||
| 260 |
_bविघा पुस्तक सदन _c2004 _aदिल्ली |
||
| 350 | _a125 | ||
| 650 |
_aBiography _962412 |
||
| 942 |
_cHIN _k920/BHA _2ddc |
||
| 999 |
_c19019 _d19019 |
||